[Event "NOR-ch Class5"]
[Site "Stavanger"]
[Date "2017.07.01"]
[Round "1"]
[White "Husebo, Vilde Helena"]
[Black "Gronn, Vibeke Ekeland"]
[Result "0-1"]
[WhiteElo "992"]
[BlackElo "725"]
[PlyCount "86"]
[EventDate "2017.07.01"]
[EventType "swiss"]
[EventRounds "9"]
[EventCountry "NOR"]
[SourceTitle "EXT 2024"]
[Source "ChessBase"]
[SourceDate "2023.10.10"]
[SourceVersion "1"]
[SourceVersionDate "2023.10.10"]
[SourceQuality "1"]

1. e4 c6 2. d4 d5 3. e5 Bf5 4. Nf3 h6 5. Bd3 Bxd3 6. Qxd3 e6 7. Nc3 Nd7 8. Be3 Bb4 9. 0-0-0 Ne7 10. Nd2 Nf5 11. f4 c5 12. dxc5 Bxc5 13. Bxc5 Nxc5 14. Qb5+ Nd7 15. Qxb7 Qc8 16. Qb5 0-0 17. Qd3 Qb7 18. b3 Rfc8 19. Ndb1 Nc5 20. Qd2 Qc6 21. g4 Ne4 22. Nxe4 dxe4 23. gxf5 exf5 24. Kb2 Rd8 25. Qg2 Rxd1 26. Rxd1 Qc7 27. Rg1 g6 28. h4 h5 29. c4 Rd8 30. Nc3 Qc5 31. Rd1 Rxd1 32. Nxd1 Qd4+ 33. Nc3 Kg7 34. Qg3 e3 35. Kc2 Qd2+ 36. Kb1 Qxc3 37. Qg2 Qd3+ 38. Kc1 e2 39. Qg1 a6 40. Qe1 Qe3+ 41. Qd2 Qg1+ 42. Kb2 e1Q 43. Qxe1 Qxe1 0-1